|
|
|
|
| LEADER |
01086nam a2200301 a 4500 |
| 001 |
29076 |
| 003 |
BD-DhAAL |
| 005 |
20150401104217.0 |
| 008 |
150401r20131999pauab b 001 0 eng |
| 010 |
|
|
|a 99086981
|
| 020 |
|
|
|a 9780748638437
|
| 020 |
|
|
|a 9780748638444
|
| 020 |
|
|
|a 1556192053 (alk. paper)
|
| 020 |
|
|
|a 1556192061 (pbk. : alk. paper)
|
| 040 |
|
|
|a DLC
|c DLC
|d DLC
|
| 050 |
0 |
0 |
|a P40
|b .I578 2000
|
| 082 |
0 |
0 |
|a 306.44
|2 21
|
| 245 |
0 |
0 |
|a Introducing sociolinguistics /
|c Rajend Mesthrie ... [et al.].
|
| 260 |
|
|
|a Philadelphia :
|b J. Benjamins,
|c 2000.[reprinted 2013]
|
| 300 |
|
|
|a xxvi, 500 p. :
|b ill., maps ;
|c 24 cm.
|
| 500 |
|
|
|a Originally published: Edinburgh : Edinburgh University Press, c1999.
|
| 504 |
|
|
|a Includes bibliographical references and index.
|
| 541 |
|
|
|e 29076
|
| 650 |
|
0 |
|a Sociolinguistics.
|9 6599
|
| 700 |
1 |
|
|a Mesthrie, Rajend.
|9 10276
|
| 942 |
|
|
|2 ddc
|c BK
|
| 999 |
|
|
|c 34198
|d 34198
|
| 952 |
|
|
|0 0
|1 0
|2 ddc
|4 0
|6 306_440000000000000_INT
|7 0
|9 53375
|a BRACUL
|b BRACUL
|c GEN
|d 2015-04-01
|l 2
|m 1
|o 306.44 INT
|p 3010029076
|r 2018-09-03
|s 2018-05-03
|t 1
|w 2015-04-01
|y BK
|